Postalische Identitätskonstruktionen
| Titel: | Postalische Identitätskonstruktionen : Briefmarken als Medien totalitärer Propaganda / Alexander Hanisch-Wolfram |
|---|---|
| Verfasser: | |
| Veröffentlicht: | Frankfurt am Main : Lang, 2006 |
| Umfang: | 302 Seiten |
| Format: | Buch |
| Sprache: | Deutsch |
| Schriftenreihe/ mehrbändiges Werk: |
Europäische Hochschulschriften. Reihe 40, Kommunikationswissenschaft und Publizistik = Media et journalisme = Communications ; 95 |
| RVK-Notation: |
·
|
| ISBN: | 363155205X |
| Hinweise zum Inhalt: |
Inhaltsverzeichnis
|
alg: 17826885 001A $00030:24-05-06 001B $05000:21-09-23 $t15:48:48.000 001D $00030:24-05-06 001U $0utf8 001X $00 002@ $0Aay 002C $aText $btxt $2rdacontent 002D $aohne Hilfsmittel zu benutzen $bn $2rdamedia 002E $aBand $bnc $2rdacarrier 003@ $0178268852 003O $0179907540 $aOCoLC 004A $03-631-55205-X 007A $0178268852 $aHEB 009P $qapplication/pdf $A2 $3Inhaltsverzeichnis $uhttp://scans.hebis.de/HEBCGI/show.pl?17826885_toc.pdf $mV:DE-604 010@ $ager 011@ $a2006 021A $aPostalische Identitätskonstruktionen $dBriefmarken als Medien totalitärer Propaganda $hAlexander Hanisch-Wolfram 028A $BVerfasser $#Hanisch-Wolfram, Alexander $#Wolfram, Alexander Hanisch- $#Hanisch-Wolfram, A. $#Wolfram, Alexander H.- $#Wofram, A. H.- $4aut $713168325X $8Bach, Alexander$Z1977- [Tp3] $9178268658 033A $pFrankfurt am Main $nLang 034D $a302 Seiten 036E $aEuropäische Hochschulschriften. Reihe 40, Kommunikationswissenschaft und Publizistik = Media et journalisme = Communications $l95 036F $x295 $8Europäische Hochschulschriften. Reihe 40, Kommunikationswissenschaft und Publizistik $9186181604 $l95 044K $RPostwertzeichen $RPhilatelie $#Postage stamps $#Timbres-poste $#Francobolli $#Sellos de correos $#Briefmarken $74008242-8 $8Briefmarke [Ts1] $9085014265 044K $RBeeinflussung $RIndoktrination $#Propaganda $#Propagande $#Propaganda $#Propaganda $#Propaganda $#Politische Propaganda $74076374-2 $8Propaganda [Ts1] $9085216534 044K $#Totalitarianism $#Totalitarisme $#Totalitarismo $#Totalitarismo $#Totalitarismus $#Totaler Staat $#Totalitärer Staat $74060491-3 $8Totalitarismus [Ts1] $9085167908 045F $a907.209471 $eDDC23BSB 045F/01 $a907.2 045F/03 $g471 045F/03 $g436 045F/03 $g4 045G $a070.9 $eDDC23BSB 045G/01 $a070.9 045G/03 $g471 045H $a909 $eDDC23BSB 045H/01 $a909 045H/03 $f0904 045H/03 $g471 045H/03 $g4 045Z $8AP 99900 [Tkv] $9407362444 045Z $8AP 17340 [Tkv] $9407304088 lok: 17826885 3 101B $024-05-06 $t14:49:14.000 101C $024-05-06 145S/01 $a001 101U $0utf8 exp: 17826885 3 1 #EPN 201B/01 $024-05-06 $t14:49:14.000 201C/01 $024-05-06 203@/01 $0399653589 208@/01 $a24-05-06 $bzAa 209A/01 $a88.112.69 $du $f000 $h88 112 69 $x00 209G/01 $a88112695 $x00 247C/01 $8601000-3 <30>Frankfurt, Universitätsbibliothek J. C. Senckenberg, Zentralbibliothek (ZB) $9102598258 201U/01 $0utf8 lok: 17826885 24 101B $005-01-10 $t09:46:45.000 101C $005-01-10 101U $0utf8 145Z/01 $a41 4 G 145Z/02 $a21 4 G 145Z/03 $a1 4 G 145Z/04 $a41 15 J 145Z/05 $a41 7 Mk 145Z/06 $a1 7 U exp: 17826885 24 1 #EPN 201B/01 $005-01-10 $t09:46:45.000 201C/01 $001-12-09 201U/01 $0utf8 203@/01 $0585163359 208@/01 $a05-01-10 $bz 209A/01 $a09.7773 $du $f050 $h09 7773 $x00 209C/01 $a09.7773 K $h09 7773 K 209G/01 $a72242009 $x00 220C/01 $awar/hae 247C/01 $8358050-7Marburg, Bibliothek des Herder-Instituts Marburg $9102600961
| LEADER | 00000cam a22000002c 4500 | ||
|---|---|---|---|
| 001 | 178268852 | ||
| 003 | DE-603 | ||
| 005 | 20230921154848.0 | ||
| 007 | tu | ||
| 008 | 060524s2006 xx |||| | u00||u|ger c | ||
| 020 | |a 363155205X | ||
| 035 | |a (DE-599)HEB178268852 | ||
| 035 | |a (OCoLC)179907540 | ||
| 040 | |a DE-603 |b ger |c DE-603 |d DE-603 | ||
| 041 | |a ger | ||
| 082 | 0 | 4 | |8 1\u |a 907.209471 |q DE-101 |2 23/BSB |
| 083 | 0 | |8 2\u |a 070.9 |q DE-101 |2 23/BSB | |
| 083 | 0 | |8 3\u |a 909 |q DE-101 |2 23/BSB | |
| 084 | |a AP 99900 |0 (DE-625)8258: |0 (DE-603)407362444 |2 rvk | ||
| 084 | |a AP 17340 |0 (DE-625)7004: |0 (DE-603)407304088 |2 rvk | ||
| 085 | |8 1\u |b 907.2 | ||
| 085 | |8 1\u |z 2 |s 471 | ||
| 085 | |8 1\u |z 2 |s 436 | ||
| 085 | |8 1\u |z 2 |s 4 | ||
| 085 | |8 2\u |b 070.9 | ||
| 085 | |8 2\u |z 2 |s 471 | ||
| 085 | |8 3\u |b 909 | ||
| 085 | |8 3\u |z 1 |s 0904 | ||
| 085 | |8 3\u |z 2 |s 471 | ||
| 085 | |8 3\u |z 2 |s 4 | ||
| 100 | 1 | |a Bach, Alexander |d 1977- |e Verfasser |4 aut |0 (DE-603)178268658 |0 (DE-588)13168325X |2 gnd | |
| 245 | 0 | 0 | |a Postalische Identitätskonstruktionen |b Briefmarken als Medien totalitärer Propaganda |c Alexander Hanisch-Wolfram |
| 264 | 1 | |a Frankfurt am Main |b Lang |c 2006 | |
| 300 | |a 302 Seiten | ||
| 336 | |a Text |b txt |2 rdacontent | ||
| 337 | |a ohne Hilfsmittel zu benutzen |b n |2 rdamedia | ||
| 338 | |a Band |b nc |2 rdacarrier | ||
| 490 | 1 | |a Europäische Hochschulschriften. Reihe 40, Kommunikationswissenschaft und Publizistik = Media et journalisme = Communications |v 95 | |
| 650 | 7 | |a Briefmarke |0 (DE-588)4008242-8 |0 (DE-603)085014265 |2 gnd | |
| 650 | 7 | |a Propaganda |0 (DE-588)4076374-2 |0 (DE-603)085216534 |2 gnd | |
| 650 | 7 | |a Totalitarismus |0 (DE-588)4060491-3 |0 (DE-603)085167908 |2 gnd | |
| 830 | 0 | |t Europäische Hochschulschriften |n Reihe 40 |p Kommunikationswissenschaft und Publizistik |v 95 |w (DE-603)186181604 |w (DE-600)61005-7 |9 295 |7 as | |
| 856 | 4 | 2 | |m V:DE-604 |q application/pdf |u http://scans.hebis.de/HEBCGI/show.pl?17826885_toc.pdf |3 Inhaltsverzeichnis |
| 924 | 0 | |9 30 |a (DE-603)399653589 |b DE-30 |c HES |d c |g 88.112.69 | |
| 924 | 0 | |9 Mb 50 |a (DE-603)585163359 |b DE-Mb50 |c HES |d c |g 09.7773 | |


